Kölner Stadtteile - Statistiken

Allgemein
  • Dieses Quiz wurde 504 mal gespielt
  • Das Durchschnittsergebnis liegt bei 45 aus 86
Antwortstatistiken
Lindenthal Antwort % Korrekt
Kalk Kalk
90%
Nippes Nippes
90%
Ehrenfeld Ehrenfeld
89%
Chorweiler Chorweiler
87%
Mülheim Mülheim
87%
Porz Porz
86%
Porz Lind
84%
Rodenkirchen Rodenkirchen
84%
Innenstadt Deutz
83%
Lindenthal Lindenthal
80%
Lindenthal Sülz
70%
Lindenthal Müngersdorf
65%
Porz Poll
65%
Innenstadt Altstadt-Süd
64%
Chorweiler Pesch
64%
Lindenthal Weiden
64%
Innenstadt Altstadt-Nord
63%
Chorweiler Esch/Auweiler
61%
Innenstadt Neustadt-Süd
61%
Nippes Niehl
61%
Ehrenfeld Neuehrenfeld
60%
Innenstadt Neustadt-Nord
60%
Rodenkirchen Zollstock
59%
Porz Wahn
58%
Mülheim Dellbrück
55%
Lindenthal Junkersdorf
55%
Ehrenfeld Bickendorf
53%
Ehrenfeld Bocklemünd/Mengenich
53%
Kalk Rath/Heumar
53%
Nippes Riehl
53%
Kalk Humboldt/Gremberg
52%
Kalk Vingst
52%
Nippes Bilderstöckchen
51%
Nippes Longerich
51%
Porz Zündorf
51%
Rodenkirchen Bayenthal
50%
Kalk Brück
50%
Mülheim Holweide
50%
Lindenthal Klettenberg
50%
Ehrenfeld Ossendorf
50%
Kalk Ostheim
50%
Lindenthal Braunsfeld
49%
Mülheim Buchheim
49%
Kalk Merheim
49%
Mülheim Stammheim
49%
Rodenkirchen Sürth
49%
Rodenkirchen Weiß
49%
Lindenthal Lövenich
48%
Rodenkirchen Marienburg
48%
Rodenkirchen Raderthal
48%
Chorweiler Worringen
48%
Mülheim Dünnwald
47%
Chorweiler Fühlingen
47%
Rodenkirchen Godorf
46%
Rodenkirchen Meschenich
46%
Kalk Höhenberg
45%
Chorweiler Merkenich
45%
Mülheim Buchforst
44%
Mülheim Höhenhaus
44%
Nippes Weidenpesch
44%
Chorweiler Volkhoven/Weiler
43%
Porz Eil
42%
Rodenkirchen Hahnwald
42%
Porz Gremberghoven
41%
Kalk Neubrück
41%
Ehrenfeld Vogelsang
41%
Lindenthal Widdersdorf
41%
Mülheim Flittard
40%
Porz Langel
40%
Rodenkirchen Raderberg
38%
Rodenkirchen Rondorf
38%
Chorweiler Seeberg
38%
Porz Ensen
37%
Porz Grengel
37%
Chorweiler Blumenberg
36%
Porz Wahnheide
36%
Porz Westhoven
36%
Nippes Mauenheim
35%
Porz Urbach
34%
Chorweiler Heimersdorf
33%
Porz Libur
33%
Chorweiler Lindweiler
33%
Porz Finkenberg
32%
Chorweiler Roggendorf/Thenhoven
32%
Rodenkirchen Immendorf
29%
Porz Elsdorf
28%
Keine übereinstimmenden Quizze gefunden
Verteilung der Resultate
Anzahl Personen mit jedem Resultat
Perzentil nach korrekt beantworteten Fragen
Ihre Resultats-Entwicklung
Sie haben dieses Quiz noch nicht gespielt